000 00924nam a22002177a 4500
005 20171128161846.0
010 _aUR-9840
020 6 _c185.00
035 _aU-8395
037 _bDBAD/PUB
082 _a270
100 _aمو لا نا سید جلاالد ین عمر ی
245 _a معر و ف و منکر
_c مو لا نا سید جلاالد ین عمر ی
246 _b
_aMaroof-o-Munkar
250 _aby Moulana Sayyed Jalaluddin Umari
260 _a نئی د لی
_bMerkazi Maktaba Islami Publishers
_c2013
270 _aD307,Dawat Nagar,Abul Fazal Enclave,Jamia Nagar ,
_b New Delhi
_e110025
_k01126971652
_l-
300 _a312ص
_c22 Cm.(B.b)
500 _aدو حصہ
942 _2ddc
_cUR
_h270
_m ج ل ا
_e
999 _c146852
_d146852